00671 2200229 4500001002100000005001500021035002000036007000300056008004100059020002200100082000800122084001400130100002200144245009900166260004500265300003600310650003300346504003100379711000900410990001100419990001100430INLIS00000000000449420191125020414 a0010-1119000121ta191125 g 0 ind  a978-602-1634-08-0 a908 a908 BAY k0 aBAYU, Widiyatmoko1 aKlonik Peralihan Nusantara :bLiga Raja-raja Hingga Kolonial /cBayu Widiyatmoko; editor, Mapa aYogyakarta :bMata Padi Pressindo,c2015 axi, 594 hlm. :bilus. ;c20 cm. 4aSEJARAH. RAJA-RAJA NUSANTARA aBibliografi : hlm. 571-5940 aMAPA a7189 a a7189 b